000 00357nam a2200133Ia 4500
008 240624s9999 xx 000 0 und d
041 _aeng
082 _a658.4092 COO
100 _aCOOPER ANN A
245 _aLEADERSHIP IN ORGANIZATIONS
260 _c2002
_aAustralia
_bSouth-Western Cengage Learning
300 _axi, : 100 : p. : cm. ; 23
365 _c
_b30
999 _c19766
_d19766